[Event "GBR-ch110 Over 65"]
[Site "Hull"]
[Date "2024.08.01"]
[Round "4.2"]
[White "Binks, Michael E"]
[Black "James, Geoffrey H"]
[Result "1/2-1/2"]
[WhiteElo "2003"]
[BlackElo "2059"]
[PlyCount "42"]
[EventDate "2024.07.29"]
[EventType "swiss"]
[EventRounds "7"]
[EventCountry "GBR"]
[SourceTitle "BritBase"]
[Source "John Saunders"]
[SourceDate "2025.02.20"]
[SourceVersion "1"]
[SourceVersionDate "2025.02.20"]
[SourceQuality "1"]

1. d4 Nf6 2. Nf3 e6 3. c3 b6 4. Bf4 Ba6 5. Nbd2 Be7 6. Qc2 O-O 7. e4 Bxf1 8. Kxf1 Nh5 9. Be3 f5 10. Nb3 d5 11. e5 c6 12. Ke2 Qc8 13. Ne1 g6 14. Bh6 Rf7 15. f4 Qa6+ 16. Ke3 Nd7 17. Nf3 c5 18. a3 Qa4 19. Rac1 c4 20. Nbd2 b5 21. Qxa4 bxa4 1/2-1/2

[Event "GBR-ch110 Over 65"]
[Site "Hull"]
[Date "2024.08.01"]
[Round "4.3"]
[White "Dilleigh, Stephen P"]
[Black "Hewson, Brian WR"]
[Result "1/2-1/2"]
[WhiteElo "1985"]
[BlackElo "2042"]
[PlyCount "31"]
[EventDate "2024.07.29"]
[EventType "swiss"]
[EventRounds "7"]
[EventCountry "GBR"]
[SourceTitle "BritBase"]
[Source "John Saunders"]
[SourceDate "2025.02.20"]
[SourceVersion "1"]
[SourceVersionDate "2025.02.20"]
[SourceQuality "1"]

1. Nf3 d5 2. d4 Nf6 3. c4 e6 4. Nc3 c6 5. e3 Nbd7 6. Qc2 Bd6 7. Bd3 h6 8. O-O O-O 9. e4 dxc4 10. Bxc4 e5 11. Rd1 Qe7 12. h3 Re8 13. Be3 exd4 14. Nxd4 Ne5 15. Be2 Ng6 16. Qd2 1/2-1/2

[Event "GBR-ch110 Over 65"]
[Site "Hull"]
[Date "2024.08.01"]
[Round "4.4"]
[White "Hutchinson, Paul A"]
[Black "Punnett, Alan K"]
[Result "1-0"]
[WhiteElo "2005"]
[BlackElo "1968"]
[PlyCount "57"]
[EventDate "2024.07.29"]
[EventType "swiss"]
[EventRounds "7"]
[EventCountry "GBR"]
[SourceTitle "BritBase"]
[Source "John Saunders"]
[SourceDate "2025.02.20"]
[SourceVersion "1"]
[SourceVersionDate "2025.02.20"]
[SourceQuality "1"]

1. d4 Nf6 2. c4 g6 3. Nc3 Bg7 4. Nf3 O-O 5. Bg5 d6 6. e3 Nbd7 7. Be2 c6 8. Qc2 Qc7 9. O-O Re8 10. Rac1 e5 11. h3 Nf8 12. Rfd1 Ne6 13. Bh4 exd4 14. Nxd4 Nxd4 15. Rxd4 Bf5 16. Qd1 Ne4 17. Nxe4 Rxe4 18. Rxe4 Bxe4 19. Qd2 Qb6 20. b3 d5 21. Rd1 Re8 22. g4 dxc4 23. Bxc4 Bd5 24. Bxd5 cxd5 25. Qxd5 h6 26. Qc4 Bf6 27. Rd7 Re6 28. Bg3 Re7 29. Rd6 1-0

[Event "GBR-ch110 Over 65"]
[Site "Hull"]
[Date "2024.08.01"]
[Round "4.5"]
[White "Kilgour, David"]
[Black "Collinson, Mark I"]
[Result "1-0"]
[WhiteElo "2165"]
[BlackElo "1899"]
[PlyCount "61"]
[EventDate "2024.07.29"]
[EventType "swiss"]
[EventRounds "7"]
[EventCountry "GBR"]
[SourceTitle "BritBase"]
[Source "John Saunders"]
[SourceDate "2025.02.20"]
[SourceVersion "1"]
[SourceVersionDate "2025.02.20"]
[SourceQuality "1"]

1. e4 e5 2. Nf3 Nc6 3. Bb5 d6 4. O-O Be7 5. c3 f5 6. Qa4 fxe4 7. Bxc6+ bxc6 8. Qxc6+ Bd7 9. Qxe4 Nf6 10. Qe2 O-O 11. d3 Qe8 12. Ng5 Qg6 13. Ne4 Nh5 14. c4 Nf4 15. Bxf4 Rxf4 16. Nbc3 c6 17. Qe3 Be6 18. f3 Raf8 19. Ne2 d5 20. cxd5 cxd5 21. Nxf4 exf4 22. Qxa7 Bh3 23. Rf2 dxe4 24. Qxe7 exf3 25. Qe4 Qg5 26. Qxf3 Bg4 27. Qe4 h5 28. h4 Qxh4 29. Rxf4 Rd8 30. a4 Qg3 31. Raf1 1-0

[Event "GBR-ch110 Over 65"]
[Site "Hull"]
[Date "2024.08.01"]
[Round "4.6"]
[White "Chapman, Terry PD"]
[Black "Hodge, Steve R"]
[Result "1/2-1/2"]
[WhiteElo "2287"]
[BlackElo "1962"]
[PlyCount "83"]
[EventDate "2024.07.29"]
[EventType "swiss"]
[EventRounds "7"]
[EventCountry "GBR"]
[SourceTitle "BritBase"]
[Source "John Saunders"]
[SourceDate "2025.02.20"]
[SourceVersion "1"]
[SourceVersionDate "2025.02.20"]
[SourceQuality "1"]

1. Nf3 f5 2. g3 Nf6 3. Bg2 g6 4. O-O Bg7 5. d4 O-O 6. c4 d6 7. Nc3 Qe8 8. b3 Na6 9. Ba3 c6 10. Qc2 Rb8 11. e4 fxe4 12. Nxe4 Bf5 13. Nxf6+ Bxf6 14. Qd2 b5 15. Rac1 b4 16. Bb2 Qd7 17. Rfe1 Bg4 18. Ng5 h6 19. Ne4 Bg7 20. f4 Nc7 21. Nf2 Bf5 22. Re3 Bf6 23. d5 c5 24. h3 g5 25. Bxf6 exf6 26. g4 Bg6 27. f5 Bf7 28. Rce1 Rfe8 29. Be4 a5 30. Qb2 Kg7 31. a4 Rh8 32. Qc2 Rbe8 33. Kg2 Qd8 34. h4 Na6 35. Rh3 Nb8 36. Qd3 Nd7 37. Qg3 Qe7 38. Nd3 Ne5 39. Bf3 Qd8 40. Nxe5 Rxe5 41. Rxe5 fxe5 42. h5 1/2-1/2

[Event "GBR-ch110 Over 65"]
[Site "Hull"]
[Date "2024.08.01"]
[Round "4.7"]
[White "Walkowiak, Adam"]
[Black "Pritchett, Craig W"]
[Result "0-1"]
[WhiteElo "1722"]
[BlackElo "2186"]
[PlyCount "80"]
[EventDate "2024.07.29"]
[EventType "swiss"]
[EventRounds "7"]
[EventCountry "GBR"]
[SourceTitle "BritBase"]
[Source "John Saunders"]
[SourceDate "2025.02.20"]
[SourceVersion "1"]
[SourceVersionDate "2025.02.20"]
[SourceQuality "1"]

1. d4 Nf6 2. c4 e6 3. Nc3 Bb4 4. e3 O-O 5. Bd3 Re8 6. Nge2 d5 7. a3 Bf8 8. O-O Nbd7 9. cxd5 exd5 10. b4 c6 11. Ng3 a5 12. Ra2 axb4 13. axb4 Rxa2 14. Nxa2 Ne4 15. Nxe4 dxe4 16. Bc4 Nb6 17. Bb3 Be6 18. Bd2 Bxb3 19. Qxb3 Qd5 20. Qxd5 Nxd5 21. Rb1 b5 22. Rc1 Re6 23. Kf1 f5 24. g3 Kf7 25. h4 g6 26. Ke2 h6 27. f4 exf3+ 28. Kxf3 Nb6 29. Ra1 Nc4 30. Bc1 Re8 31. Nc3 Bxb4 32. Ra7+ Re7 33. Rxe7+ Kxe7 34. Ne2 Bd2 35. Bxd2 Nxd2+ 36. Kf4 Kf6 37. e4 Nxe4 38. Ke3 g5 39. h5 Nxg3 40. Nxg3 f4+ 0-1

[Event "GBR-ch110 Over 65"]
[Site "Hull"]
[Date "2024.08.01"]
[Round "4.8"]
[White "Shephard, Chris CW"]
[Black "Bellers, Chris JV"]
[Result "1-0"]
[WhiteElo "2156"]
[BlackElo "1933"]
[PlyCount "81"]
[EventDate "2024.07.29"]
[EventType "swiss"]
[EventRounds "7"]
[EventCountry "GBR"]
[SourceTitle "BritBase"]
[Source "John Saunders"]
[SourceDate "2025.02.20"]
[SourceVersion "1"]
[SourceVersionDate "2025.02.20"]
[SourceQuality "1"]

1. g3 g6 2. Bg2 Bg7 3. c4 c5 4. Nc3 Nc6 5. Nf3 d6 6. O-O Qd7 7. d3 b6 8. Bd2 Bb7 9. a3 e6 10. Rb1 Nge7 11. b4 Nd4 12. Nxd4 cxd4 13. Bxb7 Qxb7 14. Ne4 Qc6 15. b5 Qc7 16. Bb4 Rd8 17. a4 O-O 18. Qb3 Nc8 19. Qa3 f5 20. Nd2 Rfe8 21. a5 e5 22. axb6 axb6 23. Qa8 Ne7 24. Qg2 Ra8 25. Ra1 Rxa1 26. Rxa1 e4 27. Ra6 e3 28. Nf1 exf2+ 29. Kxf2 Be5 30. Ra8 Rxa8 31. Qxa8+ Kf7 32. Nd2 f4 33. Qf3 Kg7 34. gxf4 Bf6 35. Ne4 Bh4+ 36. Kg1 Nf5 37. Ng3 Bxg3 38. hxg3 Qa7 39. g4 Ne3 40. Bxd6 Qa1+ 41. Kh2 1-0

[Event "GBR-ch110 Over 65"]
[Site "Hull"]
[Date "2024.08.01"]
[Round "4.9"]
[White "Hughes, Roy"]
[Black "Giulian, Philip M"]
[Result "0-1"]
[WhiteElo "1980"]
[BlackElo "2070"]
[PlyCount "56"]
[EventDate "2024.07.29"]
[EventType "swiss"]
[EventRounds "7"]
[EventCountry "GBR"]
[SourceTitle "BritBase"]
[Source "John Saunders"]
[SourceDate "2025.02.20"]
[SourceVersion "1"]
[SourceVersionDate "2025.02.20"]
[SourceQuality "1"]

1. d4 e6 2. Nf3 f5 3. Bf4 Nf6 4. e3 g6 5. Nbd2 Bg7 6. h3 d6 7. c3 O-O 8. Bc4 Kh8 9. g4 Nc6 10. gxf5 exf5 11. Qe2 Qe7 12. Bg5 h6 13. Bh4 g5 14. Bg3 Be6 15. h4 g4 16. Nh2 Bxc4 17. Qxc4 Nh5 18. Nhf1 f4 19. Bh2 g3 20. fxg3 fxg3 21. Bxg3 Nxg3 22. Nxg3 Qxe3+ 23. Ne2 Rae8 24. Kd1 d5 25. Qb5 a6 26. Qxb7 Qxe2+ 27. Kc2 Qb5 28. Qxc7 Nxd4+ 0-1

[Event "GBR-ch110 Over 65"]
[Site "Hull"]
[Date "2024.08.01"]
[Round "4.10"]
[White "Guilfoyle, John M"]
[Black "Phillips, William"]
[Result "1/2-1/2"]
[WhiteElo "1987"]
[BlackElo "1879"]
[PlyCount "40"]
[EventDate "2024.07.29"]
[EventType "swiss"]
[EventRounds "7"]
[EventCountry "GBR"]
[SourceTitle "BritBase"]
[Source "John Saunders"]
[SourceDate "2025.02.20"]
[SourceVersion "1"]
[SourceVersionDate "2025.02.20"]
[SourceQuality "1"]

1. d4 Nf6 2. c4 e6 3. Nc3 d5 4. Nf3 Be7 5. Bf4 c6 6. e3 O-O 7. Bd3 dxc4 8. Bxc4 b5 9. Bd3 Bb7 10. O-O a6 11. Rc1 Nbd7 12. h3 c5 13. Qe2 c4 14. Bc2 Nb6 15. e4 g6 16. e5 Nh5 17. Bh6 Re8 18. Be4 Nd5 19. Nxd5 Bxd5 20. Bxd5 Qxd5 1/2-1/2

[Event "GBR-ch110 Over 65"]
[Site "Hull"]
[Date "2024.08.01"]
[Round "4.11"]
[White "Clark, Robert G"]
[Black "Matthews, Gabriel"]
[Result "1-0"]
[WhiteElo "2076"]
[BlackElo "1917"]
[PlyCount "95"]
[EventDate "2024.07.29"]
[EventType "swiss"]
[EventRounds "7"]
[EventCountry "GBR"]
[SourceTitle "BritBase"]
[Source "John Saunders"]
[SourceDate "2025.02.20"]
[SourceVersion "1"]
[SourceVersionDate "2025.02.20"]
[SourceQuality "1"]

1. c4 e6 2. g3 Nf6 3. Bg2 d5 4. Nf3 Be7 5. O-O O-O 6. b3 Nbd7 7. Bb2 b6 8. d3 Bb7 9. Nbd2 c5 10. cxd5 exd5 11. Re1 Qc7 12. Qc2 Rae8 13. b4 Bd6 14. bxc5 bxc5 15. Rab1 Bc6 16. e3 Rb8 17. Rec1 Rfc8 18. Nb3 Bb5 19. Qd2 Qb6 20. Bh3 Rc7 21. Qc3 Bf8 22. Bf1 Rbc8 23. Nbd2 Qe6 24. Ne5 Nxe5 25. Qxe5 Bc6 26. Qxe6 fxe6 27. Bh3 Re8 28. Be5 Rb7 29. Rxb7 Bxb7 30. Bxf6 gxf6 31. Nb3 c4 32. dxc4 dxc4 33. Rxc4 Bd5 34. Rc2 Kf7 35. Bg2 Bxg2 36. Kxg2 Re7 37. Kf3 Rd7 38. h4 Bb4 39. Nd4 Bd6 40. Rc6 Ke7 41. Ra6 Kf7 42. a4 e5 43. Nf5 Bb4 44. h5 Bc5 45. g4 Rd2 46. Rc6 Bb6 47. Nd6+ Kg7 48. Ne8+ 1-0

[Event "GBR-ch110 Over 65"]
[Site "Hull"]
[Date "2024.08.01"]
[Round "4.12"]
[White "Moore, Gerald"]
[Black "Spanton, Tim R"]
[Result "1-0"]
[WhiteElo "2057"]
[BlackElo "1928"]
[PlyCount "66"]
[EventDate "2024.07.29"]
[EventType "swiss"]
[EventRounds "7"]
[EventCountry "GBR"]
[SourceTitle "BritBase"]
[Source "John Saunders"]
[SourceDate "2025.02.20"]
[SourceVersion "1"]
[SourceVersionDate "2025.02.20"]
[SourceQuality "1"]

1. c4 e6 2. Nc3 d5 3. d4 Nf6 4. Nf3 c5 5. cxd5 cxd4 6. Qxd4 exd5 7. Bg5 Be7 8. e3 Nc6 9. Bb5 O-O 10. Qd2 Be6 11. O-O Ne4 12. Nxe4 dxe4 13. Qxd8 Bxd8 14. Bxd8 Rfxd8 15. Bxc6 bxc6 16. Nd4 Bd5 17. Rfc1 Rab8 18. b3 Rdc8 19. Rc5 Rb7 20. Rac1 Rbc7 21. b4 Bxa2 22. Nxc6 Kf8 23. Nxa7 Rxc5 24. bxc5 Ra8 25. Nb5 Ke7 26. Nc3 Ke6 27. Nxe4 Rc8 28. f3 h6 29. Kf2 f5 30. Nd6 Rc7 31. Ke2 Rc6 32. Kd3 Kd5 33. Nxf5 Rxc5 1-0

[Event "GBR-ch110 Over 65"]
[Site "Hull"]
[Date "2024.08.01"]
[Round "4.13"]
[White "Burnett, Jim"]
[Black "Stimpson, Philip M"]
[Result "1-0"]
[WhiteElo "2039"]
[BlackElo "1915"]
[PlyCount "63"]
[EventDate "2024.07.29"]
[EventType "swiss"]
[EventRounds "7"]
[EventCountry "GBR"]
[SourceTitle "BritBase"]
[Source "John Saunders"]
[SourceDate "2025.02.20"]
[SourceVersion "1"]
[SourceVersionDate "2025.02.20"]
[SourceQuality "1"]

1. d4 Nf6 2. c4 e6 3. Nf3 Bb4+ 4. Bd2 Qe7 5. Nc3 Bxc3 6. Bxc3 Ne4 7. Qc2 Nxc3 8. Qxc3 O-O 9. e3 d6 10. Be2 Nd7 11. O-O e5 12. Rac1 e4 13. Nd2 Nf6 14. Rfd1 Bf5 15. b4 h5 16. Nb3 h4 17. h3 Nh7 18. d5 Ng5 19. Kh2 Qd7 20. Bf1 Qe7 21. Nd4 Bd7 22. Ne2 f6 23. Nf4 Qe5 24. c5 a5 25. b5 dxc5 26. Qxc5 Nf3+ 27. gxf3 g5 28. Qxc7 gxf4 29. Qxd7 fxe3+ 30. Kh1 Rf7 31. Qg4+ Kh8 32. Qxe4 1-0

[Event "GBR-ch110 Over 65"]
[Site "Hull"]
[Date "2024.08.01"]
[Round "4.14"]
[White "Wager, John D"]
[Black "Jerome, Stellio"]
[Result "1-0"]
[WhiteElo "2035"]
[BlackElo "1665"]
[PlyCount "119"]
[EventDate "2024.07.29"]
[EventType "swiss"]
[EventRounds "7"]
[EventCountry "GBR"]
[SourceTitle "BritBase"]
[Source "John Saunders"]
[SourceDate "2025.02.20"]
[SourceVersion "1"]
[SourceVersionDate "2025.02.20"]
[SourceQuality "1"]

1. Nf3 f5 2. d4 Nf6 3. c4 e6 4. Nc3 Bb4 5. g3 O-O 6. Bg2 Qe8 7. O-O Bxc3 8. bxc3 d6 9. Ba3 Ne4 10. Qc2 Nd7 11. Ne1 Qh5 12. Nd3 Ndf6 13. f3 Ng5 14. Rae1 Nh3+ 15. Kh1 Re8 16. c5 dxc5 17. Nxc5 Nd5 18. e4 fxe4 19. Rxe4 Ng5 20. Re5 Nf6 21. f4 Ng4 22. Bf3 Qh3 23. Ree1 Nxf3 24. Rxf3 b6 25. Ne4 Bb7 26. Qg2 Qh5 27. Kg1 Nf6 28. Rfe3 Nxe4 29. Rxe4 Bxe4 30. Qxe4 Qd5 31. Qc2 Rad8 32. Re5 Qc6 33. Re4 Rd5 34. Bb2 Qc4 35. Bc1 Ra5 36. Re2 c5 37. Be3 cxd4 38. Bxd4 b5 39. Qe4 Qd5 40. Qxd5 exd5 41. Rxe8+ Kf7 42. Re2 a6 43. Kf2 Ra4 44. Ke3 Rc4 45. Kd3 b4 46. cxb4 Rxb4 47. Re7+ Kf8 48. Rxg7 Ra4 49. Rxh7 Rxa2 50. g4 a5 51. g5 a4 52. g6 Ra3+ 53. Kc2 Ra2+ 54. Kb1 Rg2 55. f5 a3 56. Ra7 Rxh2 57. g7+ Kg8 58. Ra8+ Kf7 59. g8=Q+ Ke7 60. Qe6# 1-0

[Event "GBR-ch110 Over 65"]
[Site "Hull"]
[Date "2024.08.01"]
[Round "4.15"]
[White "Moyse, Nigel J"]
[Black "Jackson, Sheila"]
[Result "0-1"]
[WhiteElo "1930"]
[BlackElo "1988"]
[PlyCount "70"]
[EventDate "2024.07.29"]
[EventType "swiss"]
[EventRounds "7"]
[EventCountry "GBR"]
[SourceTitle "BritBase"]
[Source "John Saunders"]
[SourceDate "2025.02.20"]
[SourceVersion "1"]
[SourceVersionDate "2025.02.20"]
[SourceQuality "1"]

1. d4 Nf6 2. Bg5 c5 3. d5 d6 4. Bxf6 exf6 5. e3 a6 6. a4 b6 7. Nc3 g6 8. Be2 Bg7 9. Nf3 f5 10. h4 h6 11. Qd2 Nd7 12. Rb1 Nf6 13. Bd3 O-O 14. O-O Re8 15. Ne1 Ne4 16. Bxe4 fxe4 17. g3 Ra7 18. Ne2 Bg4 19. Nf4 g5 20. Nfg2 Be5 21. c3 f5 22. hxg5 hxg5 23. f4 exf3 24. Nxf3 Bxg3 25. Nh2 Bxh2+ 26. Kxh2 Rh7+ 27. Kg1 Re4 28. b4 c4 29. Rf2 Qe8 30. b5 a5 31. Rff1 Qe5 32. Rbc1 Rh2 33. Qe1 Rh3 34. Qd2 Qh2+ 35. Kf2 Rexe3 0-1

[Event "GBR-ch110 Over 65"]
[Site "Hull"]
[Date "2024.08.01"]
[Round "4.16"]
[White "Vickery, Jim E"]
[Black "Pickersgill, Adrian O"]
[Result "0-1"]
[WhiteElo "1923"]
[BlackElo "1974"]
[PlyCount "82"]
[EventDate "2024.07.29"]
[EventType "swiss"]
[EventRounds "7"]
[EventCountry "GBR"]
[SourceTitle "BritBase"]
[Source "John Saunders"]
[SourceDate "2025.02.20"]
[SourceVersion "1"]
[SourceVersionDate "2025.02.20"]
[SourceQuality "1"]

1. d4 d6 2. c4 e5 3. d5 Be7 4. Nc3 f5 5. e4 Nf6 6. Bd3 f4 7. Bd2 O-O 8. f3 a5 9. a3 Na6 10. Bc2 Nc5 11. b4 axb4 12. axb4 Rxa1 13. Qxa1 Na6 14. Qb2 Nh5 15. Nge2 Bh4+ 16. Kf1 c6 17. Nd1 Qb6 18. Qa3 Bd7 19. Nc1 Ra8 20. Qb3 c5 21. b5 Nc7 22. Bd3 Ne8 23. Ke2 Qd8 24. Nf2 b6 25. Rg1 Bxf2 26. Kxf2 Qh4+ 27. Kf1 Qxh2 28. Ne2 Nef6 29. Be1 Ng3+ 30. Nxg3 fxg3 31. Qb1 Qh4 32. Bd2 Nh5 33. Ke2 Nf4+ 34. Bxf4 Qxf4 35. Qb2 g5 36. Ra1 Rxa1 37. Qxa1 Qf8 38. Qe1 Qf4 39. Qa1 g4 40. Qh1 gxf3+ 41. gxf3 Kg7 0-1

[Event "GBR-ch110 Over 65"]
[Site "Hull"]
[Date "2024.08.01"]
[Round "4.17"]
[White "Sugden, John N"]
[Black "Sheppard, Derek A"]
[Result "1-0"]
[WhiteElo "1959"]
[BlackElo "1785"]
[PlyCount "81"]
[EventDate "2024.07.29"]
[EventType "swiss"]
[EventRounds "7"]
[EventCountry "GBR"]
[SourceTitle "BritBase"]
[Source "John Saunders"]
[SourceDate "2025.02.20"]
[SourceVersion "1"]
[SourceVersionDate "2025.02.20"]
[SourceQuality "1"]

1. e4 e6 2. d4 d5 3. e5 c5 4. c3 Ne7 5. Nf3 Nec6 6. Bd3 b6 7. O-O Ba6 8. Bxa6 Nxa6 9. Qa4 Nab8 10. Be3 Qd7 11. Qc2 Na6 12. Qe2 Nc7 13. Nbd2 Be7 14. Rfe1 c4 15. Nf1 b5 16. Ng3 g6 17. h3 O-O-O 18. Bh6 Bf8 19. Bg5 Be7 20. Bf6 Bxf6 21. exf6 Ne8 22. Ne5 Nxe5 23. dxe5 Kb8 24. Red1 Qc7 25. Nf1 Qc6 26. Nh2 Nc7 27. Nf3 Rd7 28. Rdc1 Na6 29. b4 Nc7 30. Nd4 Qb6 31. a4 a6 32. a5 Qb7 33. Qe3 h5 34. Re1 h4 35. Rad1 Rdd8 36. Nf3 d4 37. Rxd4 Rxd4 38. Qxd4 Nd5 39. Rc1 Rh5 40. Nxh4 Rg5 41. g4 1-0

[Event "GBR-ch110 Over 65"]
[Site "Hull"]
[Date "2024.08.01"]
[Round "4.18"]
[White "Fryer, David W"]
[Black "Hutchinson, Norman A"]
[Result "1-0"]
[WhiteElo "1916"]
[BlackElo "1955"]
[PlyCount "37"]
[EventDate "2024.07.29"]
[EventType "swiss"]
[EventRounds "7"]
[EventCountry "GBR"]
[SourceTitle "BritBase"]
[Source "John Saunders"]
[SourceDate "2025.02.20"]
[SourceVersion "1"]
[SourceVersionDate "2025.02.20"]
[SourceQuality "1"]

1. e4 c6 2. d4 d5 3. e5 Bf5 4. Nc3 e6 5. g4 Bg6 6. Nge2 c5 7. h4 h5 8. Nf4 Bh7 9. Nxh5 Nc6 10. dxc5 Bxc5 11. Bb5 d4 12. Qf3 Kf8 13. Bxc6 dxc3 14. Nf4 Qe7 15. Ba4 Bd4 16. bxc3 Be4 17. Qxe4 Bxc3+ 18. Ke2 Bxa1 19. Qf3 1-0

[Event "GBR-ch110 Over 65"]
[Site "Hull"]
[Date "2024.08.01"]
[Round "4.19"]
[White "Ramage, Colin R"]
[Black "Habershon, Paul F"]
[Result "1/2-1/2"]
[WhiteElo "1884"]
[BlackElo "1936"]
[PlyCount "47"]
[EventDate "2024.07.29"]
[EventType "swiss"]
[EventRounds "7"]
[EventCountry "GBR"]
[SourceTitle "BritBase"]
[Source "John Saunders"]
[SourceDate "2025.02.20"]
[SourceVersion "1"]
[SourceVersionDate "2025.02.20"]
[SourceQuality "1"]

1. e4 Nf6 2. Nc3 d5 3. d4 dxe4 4. f3 e3 5. Bxe3 Bf5 6. Bd3 Qd7 7. Nge2 Nc6 8. Bxf5 Qxf5 9. Ng3 Qd7 10. Qd2 e6 11. O-O-O Bb4 12. Qd3 O-O 13. Nge4 Nxe4 14. Nxe4 Be7 15. h4 Nb4 16. Qb3 a5 17. Nc5 Qc6 18. Rh3 b6 19. Nd3 a4 20. Nxb4 Qb5 21. Qd3 Qxb4 22. Rg3 a3 23. b3 Qd6 24. Rh3 1/2-1/2

[Event "GBR-ch110 Over 65"]
[Site "Hull"]
[Date "2024.08.01"]
[Round "4.20"]
[White "Stevens, Brian"]
[Black "Kelly, Ian G"]
[Result "1/2-1/2"]
[WhiteElo "1812"]
[BlackElo "1973"]
[PlyCount "93"]
[EventDate "2024.07.29"]
[EventType "swiss"]
[EventRounds "7"]
[EventCountry "GBR"]
[SourceTitle "BritBase"]
[Source "John Saunders"]
[SourceDate "2025.02.20"]
[SourceVersion "1"]
[SourceVersionDate "2025.02.20"]
[SourceQuality "1"]

1. d4 Nf6 2. Nf3 c5 3. c3 b6 4. e3 g6 5. Be2 Bg7 6. O-O O-O 7. Ne5 Bb7 8. Bf3 d5 9. Nd2 Nbd7 10. Nxd7 Qxd7 11. Be2 Rac8 12. f4 cxd4 13. exd4 Ne4 14. Nf3 f5 15. g4 fxg4 16. Ne5 Bxe5 17. Bxg4 e6 18. fxe5 Ba6 19. Be2 Bxe2 20. Qxe2 Rxf1+ 21. Qxf1 Rf8 22. Qh3 Qf7 23. Be3 Qf5 24. Qxf5 gxf5 25. a4 f4 26. Bf2 Rf7 27. Rd1 Rg7+ 28. Kf1 Rg6 29. c4 dxc4 30. d5 exd5 31. Rxd5 f3 32. Rd4 Nxf2 33. Kxf2 Rg2+ 34. Kxf3 Rxb2 35. e6 Kf8 36. Rxc4 a5 37. h4 Rb4 38. Rxb4 axb4 39. Ke3 b3 40. Kd3 b2 41. Kc2 b1=Q+ 42. Kxb1 Ke7 43. Kc2 Kxe6 44. Kc3 Kd6 45. Kc4 Kc6 46. h5 h6 47. Kb4 1/2-1/2

[Event "GBR-ch110 Over 65"]
[Site "Hull"]
[Date "2024.08.01"]
[Round "4.21"]
[White "Lawson, Maurice E"]
[Black "Procter, Colin S"]
[Result "1-0"]
[WhiteElo "1953"]
[BlackElo "1864"]
[PlyCount "25"]
[EventDate "2024.07.29"]
[EventType "swiss"]
[EventRounds "7"]
[EventCountry "GBR"]
[SourceTitle "BritBase"]
[Source "John Saunders"]
[SourceDate "2025.02.20"]
[SourceVersion "1"]
[SourceVersionDate "2025.02.20"]
[SourceQuality "1"]

1. e4 d6 2. d4 Nf6 3. Nc3 g6 4. f3 c6 5. Be3 b5 6. Qd2 Nbd7 7. a4 Qa5 8. b4 Qxb4 9. axb5 c5 10. Nge2 Bg7 11. Nc1 O-O 12. Ra4 Qb2 13. Nd3 1-0

[Event "GBR-ch110 Over 65"]
[Site "Hull"]
[Date "2024.08.01"]
[Round "4.22"]
[White "Myall, Ivan J"]
[Black "Pugh, Glyn D"]
[Result "1-0"]
[WhiteElo "1935"]
[BlackElo "1856"]
[PlyCount "56"]
[EventDate "2024.07.29"]
[EventType "swiss"]
[EventRounds "7"]
[EventCountry "GBR"]
[SourceTitle "BritBase"]
[Source "John Saunders"]
[SourceDate "2025.02.20"]
[SourceVersion "1"]
[SourceVersionDate "2025.02.20"]
[SourceQuality "1"]

1. d4 d5 2. Bf4 c5 3. e3 cxd4 4. exd4 Nc6 5. c3 e6 6. Nd2 Bd6 7. Bg3 Nge7 8. Ngf3 O-O 9. Bd3 Ng6 10. Qc2 a6 11. h4 f5 12. Bxd6 Qxd6 13. g3 e5 14. h5 Nge7 15. dxe5 Nxe5 16. Be2 N7c6 17. O-O-O b5 18. Nxe5 Nxe5 19. f4 Nc6 20. Bf3 Be6 21. Nb3 Rac8 22. Kb1 Rfd8 23. Qd2 a5 24. h6 g6 25. Nd4 Nxd4 26. Qxd4 Rd7 27. Rhe1 Rcd8 28. Qf6 Ra8 1-0

[Event "GBR-ch110 Over 65"]
[Site "Hull"]
[Date "2024.08.01"]
[Round "4.23"]
[White "De Coverly, Roger D"]
[Black "Georgiou, Denis"]
[Result "1-0"]
[WhiteElo "1902"]
[BlackElo "1854"]
[PlyCount "69"]
[EventDate "2024.07.29"]
[EventType "swiss"]
[EventRounds "7"]
[EventCountry "GBR"]
[SourceTitle "BritBase"]
[Source "John Saunders"]
[SourceDate "2025.02.20"]
[SourceVersion "1"]
[SourceVersionDate "2025.02.20"]
[SourceQuality "1"]

1. e4 c5 2. Nf3 d6 3. g3 Nf6 4. d3 Nc6 5. Bg2 g6 6. O-O Bg7 7. Nc3 O-O 8. h3 Rb8 9. a4 a6 10. Be3 Nd7 11. Qd2 Nd4 12. Nh4 b5 13. axb5 axb5 14. Rab1 b4 15. Ne2 e6 16. b3 Bb7 17. f4 Nxe2+ 18. Qxe2 f5 19. Bf2 Bf6 20. Nf3 fxe4 21. dxe4 Ra8 22. Rfd1 Qc7 23. Nd2 Bd4 24. Bxd4 cxd4 25. Qc4 Qxc4 26. Nxc4 d5 27. Nd6 Bc6 28. e5 g5 29. Rxd4 gxf4 30. gxf4 Ra2 31. Rc1 Nc5 32. Rxb4 Ne4 33. Nxe4 dxe4 34. Bxe4 Rxf4 35. Bxh7+ 1-0

[Event "GBR-ch110 Over 65"]
[Site "Hull"]
[Date "2024.08.01"]
[Round "4.24"]
[White "Dennis, Nigel W"]
[Black "Collins, Nigel"]
[Result "1-0"]
[WhiteElo "1865"]
[BlackElo "1631"]
[PlyCount "49"]
[EventDate "2024.07.29"]
[EventType "swiss"]
[EventRounds "7"]
[EventCountry "GBR"]
[SourceTitle "BritBase"]
[Source "John Saunders"]
[SourceDate "2025.02.20"]
[SourceVersion "1"]
[SourceVersionDate "2025.02.20"]
[SourceQuality "1"]

1. e4 c5 2. Nf3 d6 3. d4 cxd4 4. Nxd4 Nf6 5. Nc3 a6 6. Be2 e5 7. Nb3 Be7 8. O-O O-O 9. f4 b5 10. Bf3 Bb7 11. Kh1 Nbd7 12. Nd5 Rc8 13. c3 Nxd5 14. exd5 Bf6 15. Be3 Nb6 16. Bxb6 Qxb6 17. Be4 exf4 18. Rxf4 Qe3 19. Qg4 Be5 20. Rf3 Qh6 21. Rh3 Qf6 22. Bxh7+ Kh8 23. Bg6+ Kg8 24. Rh8+ Kxh8 25. Qh5+ 1-0

[Event "GBR-ch110 Over 65"]
[Site "Hull"]
[Date "2024.08.01"]
[Round "4.25"]
[White "Kenning, Paul H"]
[Black "Clancy, Martin J"]
[Result "1-0"]
[WhiteElo "1776"]
[BlackElo "1815"]
[PlyCount "65"]
[EventDate "2024.07.29"]
[EventType "swiss"]
[EventRounds "7"]
[EventCountry "GBR"]
[SourceTitle "BritBase"]
[Source "John Saunders"]
[SourceDate "2025.02.20"]
[SourceVersion "1"]
[SourceVersionDate "2025.02.20"]
[SourceQuality "1"]

1. e4 c5 2. Nf3 d6 3. Bb5+ Bd7 4. Bxd7+ Qxd7 5. c4 Nc6 6. d4 cxd4 7. Nxd4 g6 8. Nc3 Bg7 9. Be3 Nf6 10. h3 Rc8 11. Nde2 O-O 12. b3 Nxe4 13. Nxe4 Bxa1 14. Qxa1 f6 15. O-O b6 16. Rd1 Rf7 17. Nf4 Ne5 18. Nd5 g5 19. Nxe7+ Qxe7 20. Nxd6 Rcf8 21. Nxf7 Rxf7 22. Rd5 g4 23. h4 Nf3+ 24. gxf3 gxf3 25. Qd4 Qe6 26. Rd8+ Rf8 27. Rxf8+ Kxf8 28. Qd8+ Kg7 29. Qc7+ Kf8 30. Qg3 Qf5 31. Qd6+ Kg7 32. Kh2 Qh5 33. Qe7+ 1-0